| 000 | 00813cam a22002651 4500 | ||
|---|---|---|---|
| 999 |
_c18536 _d18536 |
||
| 001 | 1706617 | ||
| 003 | BDDh-ASL | ||
| 005 | 20231015025719.0 | ||
| 008 | 710714s1968 enkbf b 000 0 eng | ||
| 010 | _a 68111409 | ||
| 015 | _aB68-09050 | ||
| 040 |
_aDLC _cDLC _dBDDh-ASL |
||
| 043 | _aa-ii--- | ||
| 050 | 0 | 0 |
_aDS463 _b.L68 1968b |
| 082 | 0 | 0 |
_a954 _bLOS |
| 100 | 1 |
_aLow, D. A. _q(Donald Anthony), _d1927- |
|
| 245 | 1 | 0 |
_aSoundings in modern South Asian history: _cedited by D. A. Low. |
| 260 |
_aLondon: _bWeidenfeld & Nicolson, _c1968. |
||
| 300 |
_axi, 391 p. : _bfold. plate, map.; _c23 cm. |
||
| 350 | _a63/- | ||
| 504 | _aIncludes bibliographical references. | ||
| 651 | 0 |
_aIndia _xHistory _yBritish occupation, 1765-1947. |
|
| 906 |
_a7 _bcbc _corignew _du _encip _f19 _gy-gencatlg |
||
| 942 |
_2ddc _cBK |
||